| 000 | 01075nam a2200265 a 4500 | ||
|---|---|---|---|
| 001 | BRCA_9137 | ||
| 005 | 20190320210531.0 | ||
| 008 | 220118s2017----fr-a######---#000-0#fre-# | ||
| 020 | _a9782359062281 | ||
| 041 | _afre | ||
| 044 | _afr | ||
| 050 | 4 |
_aN6450 _b.M63 2017 |
|
| 245 | 1 | 0 |
_aLos modernos _bdialogues France-Mexique. |
| 260 |
_aLyon, Francia _bMusée des Beaux-Arts de Lyon _c2017 |
||
| 300 |
_a357 p. _bil. (algunas a color) _c28 cm. |
||
| 500 | _aIncluye cronología, notas biográficas, lista de catálogos de exposiciones e índice de artistas | ||
| 500 | _aIncluye piezas de la colección Franz Mayer: p. 219 y 220 | ||
| 500 | _aCatálogo de la exposición realizada en el Musée des Beaux-Arts de Lyon (Lyon, Francia), 1 diciembre 2017 - 5 marzo 2018. | ||
| 500 | _aExposición organizada en asociación con el Museo Nacional de Arte / INBA de México | ||
| 504 | _aBibliografía : p. 356 | ||
| 546 | _aTexto en : francés | ||
| 650 | 1 | 4 |
_aArte moderno _ySiglo XX _zMéxico _922516 |
| 650 | 1 | 4 |
_aArte moderno _ySiglo XX _zFrancia _922517 |
| 942 |
_2lcc _cB |
||
| 999 |
_c8784 _d8784 |
||